太陽系の主要な天体 - Statistics

General Stats
  • This quiz has been taken 74 times
  • The average score is 17 of 34
Answer Stats
天体の分類 天体の分類 名前 % Correct
第1惑星 水星
100%
第4惑星 火星
100%
第5惑星 木星
100%
第6惑星 土星
100%
第2惑星 金星
99%
第3惑星 地球
99%
第7惑星 天王星
99%
第8惑星 海王星
99%
準惑星(134340番) 冥王星
97%
恒星 太陽
96%
第3惑星 衛星
96%
第5惑星 衛星(III) ガニメデ
70%
第5惑星 衛星(II) エウロパ
69%
第5惑星 衛星(I) イオ
55%
第6惑星 衛星(VI) タイタン
54%
第5惑星 衛星(IV) カリスト
52%
準惑星(1番) ケレス
48%
準惑星(136199番) エリス
45%
準惑星(136472番) マケマケ
40%
準惑星(134340番) 衛星(I) カロン
36%
第8惑星 衛星(I) トリトン
30%
準惑星(136108番) ハウメア
28%
準惑星候補(90377番) セドナ
18%
第7惑星 衛星(I) アリエル
13%
第7惑星 衛星(III) チタニア
13%
第7惑星 衛星(II) ウンブリエル
12%
第6惑星 衛星(VIII) イアペトゥス
10%
第7惑星 衛星(IV) オベロン
10%
第6惑星 衛星(V) レア
9%
準惑星候補(50000番) クワオアー
7%
第6惑星 衛星(III) テティス
6%
第6惑星 衛星(IV) ディオネ
6%
準惑星候補(90482番) オルクス
6%
準惑星候補(225088番) Gonggong
3%
No matching quizzes found
Score Distribution
Percent of People with Each Score
Percentile by Number Answered
Your Score History
You have not taken this quiz